Central Library OPAC University of Rajshahi

The coalitional presidency / (Record no. 41529)

MARC details
000 -LEADER
fixed length control field 00896nam a2200289 a 4500
001 - CONTROL NUMBER
control field 41529
003 - CONTROL NUMBER IDENTIFIER
rucl marc code BD-RjUL
005 - DATE AND TIME OF LATEST TRANSACTION
control field 20211209053415.0
008 - FIXED-LENGTH DATA ELEMENTS--GENERAL INFORMATION
fixed length control field 160601s1989 ilu b 001 0 eng
020 ## - INTERNATIONAL STANDARD BOOK NUMBER
International Standard Book Number 0256026688 :
International Standard Book Number 0256072000 (pbk.) :
035 ## - SYSTEM CONTROL NUMBER
System control number (BD-RjUL)41647
040 ## - CATALOGING SOURCE
Original cataloging agency DLC
Transcribing agency DLC
Modifying agency DLC
-- BD-RjUL
Language of cataloging eng
041 ## - LANGUAGE CODE
Language code of text/sound track or separate title eng
082 00 - DEWEY DECIMAL CLASSIFICATION NUMBER
Classification number 321.8042
Edition number 19
Author mark and year SEC 1989
100 1# - MAIN ENTRY--PERSONAL NAME
Personal name Seligman, Lester G.
9 (RLIN) 127626
245 14 - TITLE STATEMENT
Title The coalitional presidency /
Statement of responsibility, etc. Lester G. Seligman, Cary R. Covington.
260 ## - PUBLICATION, DISTRIBUTION, ETC. (IMPRINT)
Place of publication, distribution, etc. Chicago, Ill. :
Name of publisher, distributor, etc. Dorsey Press,
Date of publication, distribution, etc. c1989.
300 ## - PHYSICAL DESCRIPTION
Pagination x, 191 p. ;
Size 24 cm.
500 ## - GENERAL NOTE
General note Includes index.
504 ## - BIBLIOGRAPHY, ETC. NOTE
Bibliography, etc Bibliography: p. 174-183.
650 #0 - SUBJECT ADDED ENTRY--TOPICAL TERM
Topical term or geographic name as entry element Presidents
Geographic subdivision United States.
9 (RLIN) 127627
Topical term or geographic name as entry element Coalition governments
Geographic subdivision United States.
9 (RLIN) 127628
Topical term or geographic name as entry element Coalitions
9 (RLIN) 127629
700 1# - ADDED ENTRY--PERSONAL NAME
Personal name Covington, Cary Raymond,
Dates associated with a name 1951-
942 ## - ADDED ENTRY ELEMENTS (KOHA)
Source of classification or shelving scheme Dewey Decimal Classification
Koha item type Books
Holdings
Lost status Source of classification or shelving scheme Damaged status Not for loan Collection code Permanent Location Current Location Shelving location Date acquired Total Checkouts Full call number Date last seen Copy number Koha item type
  Dewey Decimal Classification     Non-fiction Central Library, University of Rajshahi Central Library, University of Rajshahi   21/09/1992   321.8042 SEC 1989 01/06/2016 C-2 Books